000 00861nam a2200277 i 4500
001 C2-0322929
003 PPAK
005 20210613113829.0
008 130918s2013 my a d | 0 0 may d
020 _a9789675661723
_qpaperback
040 _aPPAK
_beng
_cPPAK
_erda
082 0 4 _a305.235
_223
090 0 0 _a305.235
_bPEM
_dK
245 0 0 _aPembentukan insan cemerlang /
_cPenyusun : Ahmad Iman Arief
264 1 _aKuala Lumpur :
_bSuregain Media Enterprise,
_c2013
300 _a60 pages :
_bcolour illustrations ;
_c28 cm
336 _2rdacontent
_atext
337 _2rdamedia
_aunmediated
338 _2rdacarrier
_avolume
490 1 _aSiri remaja dan jati diri
650 1 0 _aTeenagers
_vConduct of life
650 2 0 _aTeenagers
_vPsychology.
700 0 _aAhmad Iman Arief,
_ecompiler.
830 0 _aSiri remaja dan jati diri
942 _cB
_2ddc
999 _c123152
_d123152